| 000 | 00943pam a2200277 a 4500 | ||
|---|---|---|---|
| 001 | 1021253 | ||
| 003 | NUST - PNEC | ||
| 005 | 20170116180849.0 | ||
| 008 | 880801s1989 nyua b 001 0 eng | ||
| 010 | _a 88025875 | ||
| 020 | _a002349381X | ||
| 040 |
_aDLC _cDLC _dDLC |
||
| 050 | 0 | 0 |
_aQE28.2 _b.H35 1989 |
| 082 | 0 | 0 | _a551 HAM |
| 100 | 1 |
_aHamblin, W. Kenneth _q(William Kenneth), _d1928-2009. |
|
| 245 | 1 | 4 |
_aThe earth's dynamic systems :a textbook in physical geology / _cby W. Kenneth Hamblin. |
| 250 | _a5th ed. | ||
| 260 |
_aNew York : _bMacmillan, _cc1989. |
||
| 300 |
_axv, 576 p. : _bill. (chiefly col.) ; _c29 cm. |
||
| 500 | _aMaps on lining papers. | ||
| 504 | _aIncludes bibliographies and index. | ||
| 650 | 0 |
_aPhysical geology. _xGeneral |
|
| 906 |
_a7 _bcbc _corignew _d1 _eocip _f19 _gy-gencatlg |
||
| 942 |
_2ddc _cBK |
||
| 999 |
_c64557 _d64557 |
||